OBMENA SORTIMENTU konzervárenských výrobkov

Podrobná bibliografia
Hlavní autori: Suchánek, Anton (Autor), Ginterová, Nataša (Autor)
Médium: Článok
Jazyk:slovenčina

MARC

LEADER 00000nab a2200000 a 4500
001 vtls011730134
003 SK-MaSNL
005 20260303112441.0
008 230121|1967 xo |||||||||||||||||slo
015 |a SNBRB 
035 |a (urnnbn)urn:nbn:sk:snk:ar-a05wfg 
035 |a urn:nbn:sk:snk-abf846 
035 |a (uuid)5c460554-10e2-41b0-83f5-102df8a76658 
040 |a SNKBUCL  |b slo  |c SNKBUCL  |e AACR2 
041 0 |a slo 
044 |a xo  |c SK 
100 1 |a Suchánek, Anton  |4 aut  |9 1125765 
245 1 0 |a OBMENA SORTIMENTU konzervárenských výrobkov  |c Anton Suchánek, Nataša Ginterová 
700 1 |a Ginterová, Nataša  |4 aut  |9 1125766 
773 0 |t Výživa a zdravie : časopis pre výživu a zdravý životný štýl  |g Roč. 12, č. 3 (1967), s. 54-55 
954 |a odborná, vedecká literatúra pôvodná (slovenská)  |2 lita 
958 |a OND 
958 |a EUIPO 
958 |a article24 
999 |c 1884585  |d 1886515